| 000 | 01922nam a22002897a 4500 | ||
|---|---|---|---|
| 001 | 1171 | ||
| 005 | 20230807113033.0 | ||
| 008 | 230807b cb ||||| |||| 00| 0 khr d | ||
| 020 | _a9789924341604 | ||
| 040 |
_aFISKH _beng _cFISKH _dFISKH |
||
| 082 | _a635.967 | ||
| 100 | _aSolida, Ouch | ||
| 245 | _aគិរី និង សុភីលេងទឹកជ្រោះ / | ||
| 250 | _aគ្រិះស្ថានបោះពុម្ពផ្សាយ Sipar កញ្ញា ២០២២ | ||
| 260 |
_aPhnom Penh : _bSipar, _c2022. |
||
| 300 |
_a24 pages : _bcolor illustrations ; _c22 cm |
||
| 490 | _aខ្ញុំចេះអាន | ||
| 505 | _aF | ||
| 520 | _aនៅថ្ងៃឈប់សម្រាកមួយ គិរី និងសុភីបានទៅលេងទឹកជ្រោះនៅក្បែរផ្ទះមិត្តឪពុករបស់ខ្លន ។ ពួកគេបានលេងនៅទីនោះសប្បាយយ៉ាងខ្លាំង ស្រាប់តែវែនតារបស់គិរីបានធ្លាក់ចូលទៅក្នុងទឹក មិនយូរប៉ុន្មានឪពុករបស់គិរីបានរកឃើញវិញ ហើយយកមកចងកៅស៊ូកុំអោយរបូតម្ដងទៀត។ | ||
| 520 | _aOn a holiday, Kiri and Sophy visit a waterfall near her father's friend's house. They were playing happily there when Kiri's glasses fell into the water and Kiri's father soon found them and tied them up with rubber to keep them from slipping off again. | ||
| 521 |
_a300
_bLexile estimate |
||
| 521 |
_aF
_bRaz-Plus |
||
| 650 |
_aគិរី និង សុភី _vទឹកជ្រោះ _xវែនតា |
||
| 650 |
_aKiri and Sophy _vWaterfall _xGlasses |
||
| 700 |
_aRotha, Ouk _cillustrator |
||
| 942 |
_2ddc _cBK _n0 |
||
| 999 |
_c1171 _d1171 |
||